Ассоциация полимо рфных вариантов генов DRD2 и DRD3 с развитием нейролептической гиперпролактинемии у больных шизофренией; Перспективы развития фундаментальных наук; Т. 4 : Биология и фундаментальная медицина

Bibliographic Details
Parent link:Перспективы развития фундаментальных наук=Prospects of Fundamental Sciences Development: сборник научных трудов XIV Международной конференции студентов, аспирантов и молодых ученых, г. Томск, 25-28 апреля 2017 г./ Национальный исследовательский Томский политехнический университет (ТПУ) ; под ред. И. А. Курзиной, Г. А. Вороновой.— , 2017
Т. 4 : Биология и фундаментальная медицина.— 2017.— [С. 121-123]
Main Author: Османова Д. З.
Other Authors: Пожидаев И. В. (научный руководитель), Бойко А. С., Иванова С. А., Стегний В. Н.
Summary:Заглавие с экрана
Hyperprolactinemia is a classical side effect of antipsychotic drugs primarily attributed to blockade of dopamine receptors in the pituitary gland. We describe the association between hyperprolactinemia and a set of SNPs from DRD2 and DRD3 receptor genes in a population of 173 patients with a clinical diagnosis of schizophrenia (according to ICD-10:F20) who were treated with classical and/or atypical antipsychotic drugs. Significant associations were established between two polymorphic variants (rs6277, rs2734849) of DRD2 gene and hyperprolactinemia. Subject to further replication, our findings extend the available knowledge on the pharmacogenetics of hyperprolactinemia and neurotransmitter receptors.
Language:Russian
Published: 2017
Subjects:
Online Access:http://earchive.tpu.ru/handle/11683/44872
Format: MixedMaterials Electronic Book Chapter
KOHA link:https://koha.lib.tpu.ru/cgi-bin/koha/opac-detail.pl?biblionumber=625061

MARC

LEADER 00000naa2a2200000 4500
001 625061
005 20231101133338.0
035 |a (RuTPU)RU\TPU\conf\24321 
035 |a RU\TPU\conf\24319 
090 |a 625061 
100 |a 20171206d2017 k y0rusy50 ca 
101 0 |a rus  |d eng 
102 |a RU 
105 |a y z 100zy 
135 |a drcn ---uucaa 
181 0 |a i  
182 0 |a b 
200 1 |a Ассоциация полимо рфных вариантов генов DRD2 и DRD3 с развитием нейролептической гиперпролактинемии у больных шизофренией  |d Association of polymorphic variants of DRD2 and DRD3 genes with development of neuroleptic hyperprolactinemia in patients with schizophrenia  |f Д. З. Османова, И. В. Пожидаев, А. С. Бойко  |g науч. рук. С. А. Иванова, В. Н. Стегний 
203 |a Текст  |c электронный 
230 |a 1 компьютерный файл (pdf; 194 Kb) 
300 |a Заглавие с экрана 
320 |a [Библиогр.: с. 123 (7 назв.)] 
330 |a Hyperprolactinemia is a classical side effect of antipsychotic drugs primarily attributed to blockade of dopamine receptors in the pituitary gland. We describe the association between hyperprolactinemia and a set of SNPs from DRD2 and DRD3 receptor genes in a population of 173 patients with a clinical diagnosis of schizophrenia (according to ICD-10:F20) who were treated with classical and/or atypical antipsychotic drugs. Significant associations were established between two polymorphic variants (rs6277, rs2734849) of DRD2 gene and hyperprolactinemia. Subject to further replication, our findings extend the available knowledge on the pharmacogenetics of hyperprolactinemia and neurotransmitter receptors. 
461 1 |0 (RuTPU)RU\TPU\conf\21388  |t Перспективы развития фундаментальных наук  |l Prospects of Fundamental Sciences Development  |o сборник научных трудов XIV Международной конференции студентов, аспирантов и молодых ученых, г. Томск, 25-28 апреля 2017 г.  |o в 7 т.  |f Национальный исследовательский Томский политехнический университет (ТПУ) ; под ред. И. А. Курзиной, Г. А. Вороновой  |d 2017 
463 1 |0 (RuTPU)RU\TPU\conf\21393  |t Т. 4 : Биология и фундаментальная медицина  |v [С. 121-123]  |d 2017 
510 1 |a Association of polymorphic variants of DRD2 and DRD3 genes with development of neuroleptic hyperprolactinemia in patients with schizophrenia  |z eng 
610 1 |a электронный ресурс 
610 1 |a антипсихотические препараты 
610 1 |a лекарственные средства 
610 1 |a гиперпролактинемия 
610 1 |a рецепторы 
610 1 |a фармакотерапия 
700 1 |a Османова  |b Д. З. 
701 1 |a Пожидаев  |b И. В. 
701 1 |a Бойко  |b А. С. 
702 1 |a Иванова  |b С. А.  |4 727 
702 1 |a Стегний  |b В. Н.  |4 727 
801 2 |a RU  |b 63413507  |c 20171211  |g RCR 
856 4 |u http://earchive.tpu.ru/handle/11683/44872 
942 |c BK